| 000 | 00470pab a2200193 454500 | ||
|---|---|---|---|
| 008 | 180718b2011 xxu||||| |||| 00| 0 eng d | ||
| 100 | _aWestern, Bruce | ||
| 245 | _aUnions, norms, and the rise in US wage inequality | ||
| 260 | _c2011 | ||
| 300 | _ap.513-537. | ||
| 362 | _aAug | ||
| 650 | _aLabour market | ||
| 650 | _aTrade unions | ||
| 650 | _aWages | ||
| 700 | _aRosenfeld, Jake | ||
| 773 | _aAmerican Sociological Review | ||
| 908 | _aN | ||
| 909 | _a93497 | ||
| 999 |
_c93497 _d93497 |
||